Quizzes
Events
Quiz Creation
Community
Videos
Private Events
Remove Ads
Sign In
Join for FREE
Feedback
Dark Mode
Quiz Categories
Sports
Geography
Music
Movies
Television
Just For Fun
Miscellaneous
History
Literature
Language
Science
Gaming
Entertainment
Religion
Holiday
For Kids
Quiz Lab
Recent
Popular Today
Quiz Kudos Today
Editor Picks
Curator Picks
Quizzes by...
Day
Popularity
Type
Ratings
Length
Year
Community
Subscriptions
Recent Discussions
Orange Saloon
Badges
Playlists
Quests
Create
Leaderboards
Showdown
Live 5
Trivia Bingo
Activity
Puzzle Library
Sporcle Events
Private Events
Virtual Trivia
Globe League
Become a Host
Pub Owners
SporcleCon
Opinionation
Our Games
Videos
Blog
Mobile Apps
Partnerships
Remove Ads and Go Orange
Feedback
Television
TV Characters
TV Show
Sitcom
Network
Friends
Reality Shows
Cast
South Park
Star Trek
The Simpsons
Doctor Who
Television
TV Characters
TV Show
Sitcom
Network
Friends
Reality Shows
Cast
South Park
Star Trek
The Simpsons
Doctor Who
Random Quiz
Search Sporcle
×
Quiz Lab
Quiz Lab
Television
Nominee
Type in answers that appear in a list
Type in answers that appear in a list
Classic
Best Score? Go Orange.
Buy A Vowel: Primetime Emmy Edition Stats
Can you name the following 2011 Primetime Emmy Nominees with their vowels and spaces removed?
By
GameShow2Go
4m
17 Questions
44 Plays
44 Plays
44 Plays
Comments
Comments
Give Quiz Kudos
Give Quiz Kudos
-
- Ratings
hide this ad
More Info
Replay
Link that replays current quiz
Next Quiz
Link to next quiz in quiz playlist
You Got
0%
They Got
Avg Score
57%
Avg Friend Score
Upgrade to see
Score Distribution
Jump to the score distribution portion of the page
Score
0/17
Timer
04:00
0
Plays Today
NMN
Nominee
% Correct
SYTHNKYCNDNC
So You Think You Can Dance
90.9%
LCBLDWN
Alec Baldwin
86.4%
BRDWLKMPR
Boardwalk Empire
79.5%
THFFC
The Office
77.3%
JNCRYR
Jon Cryer
72.7%
STVBSCM
Steve Buscemi
72.7%
MRSKHRGTY
Mariska Hargitay
61.4%
CHRSTNBRNSK
Christine Baranski
61.4%
THCLBRTRPRT
The Colbert Report
61.4%
NMN
Nominee
% Correct
DFLC
Edie Falco
54.5%
PTRDNKLG
Peter Dinklage
54.5%
SFVRGR
Sofia Vergara
52.3%
LRNCFSHBRN
Laurence Fishburne
47.7%
DNLN
Diane Lane
40.9%
PLGMTT
Paul Giamatti
40.9%
TBGTFL
Too Big To Fail
15.9%
VNRCHLWD
Evan Rachel Wood
13.6%
Quiz Playlist
Details
Report
Send in Message
Add To Playlist
More Info:
For the sake of this quiz, "y" is not a vowel. Answers may have any number of words.
Classic:
Type in answers that appear in a list
Last Updated: Feb 16, 2017
Quiz Scoreboard
CHALLENGE
Sign Up to Join the Scoreboard
Show All
Scores
Hide
Comments
May contain spoilers
Recently Published
9x9 Crossword: Cartoon Network
by jackfrog10
Miscellaneous
3m
College Basketball Coaching Resumes
by pancakes188
Sports
9m
Billboard Blitz: Fleetwood Mac
by CooCooCachoo
Music
15s
More to Explore
Quiz From the Vault
Featured Blog Post
Where Did the Easter Bunny Come From?
hide this ad
You Might Also Like...
Tags
Nominee Quiz
2011
Buy
Category
Edition
Emmy
primetime
Removed
space
Vowel
Today's Top Quizzes in Television
Browse Television
hide this ad
Today's Top Quizzes in Nominee
Browse Nominee
Top Contributed Quizzes in Television
1
5-to-1: The Simpsons Families
2
5-to-1: Television Doctors
3
7-to-1: TV Show Settings
4
Adjectives in 00s TV Shows
5
Adjectives in 80s TV Shows
6
5-to-1: Streaming Originals
7
Adjectives in 10s TV Shows
8
Survivor Seasons
9
One Piece Logic Puzzle
10
All US Survivor Seasons in Order
Explore More
Trending Topics
Anime
Disney
Kpop
Harry Potter
Crossword
NBA
Marvel
WWE
Country
NFL
Soccer
Song
Pokémon
Puzzle
The Office
hide this ad
More By:
GameShow2Go
Quiz
Plays
Rating
Category
Featured
Created
Vowel-less Oscar Winners
26,551
4.49
Movies
Mar 13, 2010
Word Smash
925
3.83
Language
Sep 13, 2012
It's Britney B****
428
1.60
Music
Sep 8, 2012
Missing Links
161
2.83
Language
Apr 4, 2010
Vowel Movement: Sports Stars
161
2.00
Sports
Apr 23, 2010
Go to Creator's Profile
Score Distribution
Quiz Creator Spotlight
GameShow2Go
Follow
Send a Message
Quizzes Created
-
Created Quiz Play Count
-
More By This Creator
Popular Quizzes Today
1
Find the US States - No Outlines Minefield
2
Find the Countries of Europe - No Outlines Minefield
3
The Countries of the World
4
Find the US States
5
Risky Map Clicking: Biggest States A-Z
6
US States
7
Popular People in 1961
8
Movies - When Are They Set?
More Television Quizzes
Crossword: Looney Tunes Characters
Curator's Pick
Trending Quizzes
Risky Map Clicking: Least Populous States A-Z
1-10 Letter G Words
1-10 Letter F Words
Risky Map Clicking: Next State Alphabetically
Adjectives in 80s TV Shows
Recently Updated
Leaping Animals
pecheneg
Reality TV Shows (A-Z)
bhenderson79
Rickey Henderson's Hall of Fame Teammates
pecheneg
Champions League XIs: Arsenal
pecheneg
Quick Pick: Celebrities in WWE's Hall of Fame
aduchscher
A-Z Keypad Blitz II
pecheneg
Multiple Oscar Actors
pecheneg
Mystery Phrase Blitz: Oscar 'Best Actors'
pecheneg
F. Scott Fitzgerald Novels
LTH
Pick 3 Villains
ddd62291
Trending Topics
Harry Potter
Anime
Crossword
Marvel
Disney
Kpop
NBA
Country
Song
The Office
Soccer
WWE
Puzzle
Pokémon
NFL
Your Account Isn't Verified!
In order to create a playlist on Sporcle, you need to verify the email address you used during registration. Go to your
Sporcle Settings
to finish the process.
Report this User
Report this user for behavior that violates our
Community Guidelines
.
Details:
Send Report
Go to the Sporcle.com Mobile Site →
Comments